00762nam a2200229Ia 450000500170000000800410001702000150005804100080007308200170008110000190009824500450011725000220016230000390018465000460022365000520026965000480032126400400036933600270040933700330043633800280046904000350049720220316235612.0121119s1994 sp a gr 000 0 spa  a84272327050 aspa04a745.01bS31M1 aSharman, Lydia10aMi primer libro de formascLydia Sharman aPrimera edición a37 páginasbilustracionesc33 cm14aGeometría xEnseñanza elemental2LEMB14aManualidades xDiseño y construcción 2LEMB14aManualidades xEnseñanza elemental 2LEMB aBarcelona bEditorial Molino c1994 atextobtxt2rdacontent asin mediaciónbn2rdamedia avolumenbnc2rdacarrier aCO-BoRNBPbspaerdacCO-BoRNBP